Biología 2 /

Guardado en:
Autor Principal: Zarur, Pedro
Formato: Libro
Publicado: Buenos Aires : Plus Ultra, 1981
Edición:6a. ed.
Materias:
Etiquetas: Agregar Etiqueta
Sin Etiquetas, Sea el primero en etiquetar este registro!
LEADER 02598nam a22005055a 4500
001 CEM.cems006749
005 20060214000000.0
008 130507s1981##################000#0#####d
003 CEMS
082 0 4 |a 574 
100 1 |a Zarur, Pedro 
245 1 0 |a Biología 2 / 
250 |a 6a. ed. 
260 |a Buenos Aires :  |b Plus Ultra,  |c 1981 
300 |a 355 p. 
653 |a Biología 
859 |a CEMS  |b BIB. CEMS - 11 de abril  |h 574  |i Z19a6/II  |p 11817.83  |t Ej.17 
859 |a CEMS  |b BIB. CEMS - 11 de abril  |h 574  |i Z19a6/II  |p 11818.83  |t Ej.18 
859 |a CEMS  |b BIB. CEMS - 11 de abril  |h 574  |i Z19a6/II  |p 11819.83  |t Ej.19 
859 |a CEMS  |b BIB. CEMS - 11 de abril  |h 574  |i Z19a6/II  |p 11820.83  |t Ej.20 
859 |a CEMS  |b BIB. CEMS - 11 de abril  |h 574  |i Z19a6/II  |p 11821.83  |t Ej.21 
859 |a CEMS  |b BIB. CEMS - 11 de abril  |h 574  |i Z19a6/II  |p 11822.83  |t Ej.12 
859 |a CEMS  |b BIB. CEMS - 11 de abril  |h 574  |i Z19a6/II  |p 11823.83  |t Ej.13 
859 |a CEMS  |b BIB. CEMS - 11 de abril  |h 574  |i Z19a6/II  |p 11824.83  |t Ej.14 
859 |a CEMS  |b BIB. CEMS - 11 de abril  |h 574  |i Z19a6/II  |p 11825.83  |t Ej.16 
859 |a CEMS  |b BIB. CEMS - 11 de abril  |h 574  |i Z19a6/II  |p 11826.83  |t Ej.22 
859 |a CEMS  |b BIB. CEMS - 11 de abril  |h 574  |i Z19a6/II  |p 11827.83  |t Ej.23 
859 |a CEMS  |b BIB. CEMS - 11 de abril  |h 574  |i Z19a6/II  |p 11828.83  |t Ej.24 
859 |a CEMS  |b BIB. CEMS - 11 de abril  |h 574  |i Z19a6/II  |p 11829.83  |t Ej.25 
859 |a CEMS  |b BIB. CEMS - 11 de abril  |h 574  |i Z19a6/II  |p 11830.83  |t Ej.26 
859 |a CEMS  |b BIB. CEMS - 11 de abril  |h 574  |i Z19a6/II  |p 11831.83  |t Ej.15 
859 |a CEMS  |b BIB. CEMS - 11 de abril  |h 574  |i Z19a6/II  |p 12496.83  |t Ej.27 
859 |a CEMS  |b BIB. CEMS - 11 de abril  |h 574  |i Z19a6/II  |p 12498.83  |t Ej.29 
859 |a CEMS  |b BIB. CEMS - 11 de abril  |h 574  |i Z19a6/II  |p 12499.83  |t Ej.28 
859 |a CEMS  |b BIB. CEMS - 11 de abril  |h 574  |i Z19a6/II  |p 12500.83  |t Ej.30 
859 |a CEMS  |b BIB. CEMS - 11 de abril  |h 574  |i Z19a6/II  |p 8893.81  |t Ej.1 
859 |a CEMS  |b BIB. CEMS - 11 de abril  |h 574  |i Z19a6/II  |p 8912.81  |t Ej.3 
859 |a CEMS  |b BIB. CEMS - 11 de abril  |h 574  |i Z19a6/II  |p 8913.81  |t Ej.4 
859 |a CEMS  |b BIB. CEMS - 11 de abril  |h 574  |i Z19a6/II  |p 8914.81  |t Ej.5 
859 |a CEMS  |b BIB. CEMS - 11 de abril  |h 574  |i Z19a6/II  |p 8916.81  |t Ej.6 
859 |a CEMS  |b BIB. CEMS - 11 de abril  |h 574  |i Z19a6/II  |p 8917.81  |t Ej.7 
859 |a CEMS  |b BIB. CEMS - 11 de abril  |h 574  |i Z19a6/II  |p 8918.81  |t Ej.8 
859 |a CEMS  |b BIB. CEMS - 11 de abril  |h 574  |i Z19a6/II  |p 8919.81  |t Ej.9 
859 |a CEMS  |b BIB. CEMS - 11 de abril  |h 574  |i Z19a6/II  |p 8920.81  |t Ej.10 
859 |a CEMS  |b BIB. CEMS - 11 de abril  |h 574  |i Z19a6/II  |p 8921.81  |t Ej.11